OPTIMALIZACE INVESTIČNÍHO PROCESU V OBLASTI FACILITY MANAGEMENTU

Bibliographic Details
Main Author: Lenka, Struhárová JANČAŘÍKOVÁ (Author)
Format: Article
Language:Czech

MARC

LEADER 00000nab a2200000 a 4500
001 vtls011120218
003 SK-MaSNL
005 20260303145459.0
008 230222|2011 xo |||||||||||||||||cze|
015 |a SNBRB 
035 |a (uuid)5a8edada-70d2-4213-a8e2-492dd7a47fd7 
035 |a (urnnbn)urn:nbn:sk:snk:ar-a08pa7 
035 |a urn:nbn:sk:snk-ab9qss 
040 |a SNKBUCL  |b slo  |c SNKBUCL  |e AACR2 
041 0 |a cze 
044 |a xo  |c SK 
100 1 |a Lenka, Struhárová JANČAŘÍKOVÁ  |4 aut  |9 1168034 
245 1 0 |a OPTIMALIZACE INVESTIČNÍHO PROCESU V OBLASTI FACILITY MANAGEMENTU  |c Lenka Struhárová Jančaříková 
773 0 |t Správca bytových domov : odborný časopis zaoberajúci sa správou bytových domov  |g Roč. 6, č. 6 (2011), s. 7-9 
958 |a OND 
958 |a EUIPO 
958 |a article13 
999 |c 2003272  |d 2005202